[Event "Welsh Seniors O50"]
[Site "?"]
[Date "2025.09.27"]
[Round "2.4"]
[White "Stannard, Mike"]
[Black "Van Noorden, Nicolas"]
[Result "0-1"]
[WhiteElo "1517"]
[BlackElo "1931"]
[WhiteFideId "-1"]
[WhiteFideId "-1"]
[PlyCount "66"]
[GameId "2228161185818607"]
[EventDate "2024.??.??"]

1. d4 Nf6 2. Nc3 d6 3. e4 Nbd7 4. Bf4 e5 5. dxe5 dxe5 6. Bg3 Bb4 7. f3 O-O 8. Bd3 Nh5 9. Nge2 Bc5 10. Qd2 c6 11. O-O-O b5 12. Qe1 Qb6 13. Rf1 Nxg3 14. hxg3 a5 15. Nb1 a4 16. c3 Be3+ 17. Kc2 Nc5 18. f4 Bg4 19. fxe5 Ne6 20. Nd2 Rfd8 21. Nf3 c5 22. Nf4 Nxf4 23. gxf4 Bxf4 24. g3 Bxf3 25. Rxf3 Bxe5 26. Qf1 c4 27. Be2 a3 28. Rxf7 axb2 29. Kxb2 Bxc3+ 30. Kb1 Qa5 31. Rxd8+ Rxd8 32. Bxc4 bxc4 33. Qxc4 Qb6+ 0-1

[Event "Welsh Seniors O50"]
[Site "?"]
[Date "2025.09.27"]
[Round "2.5"]
[White "Howells, S Wyn"]
[Black "May, Adam J"]
[Result "0-1"]
[WhiteElo "1747"]
[BlackElo "1858"]
[WhiteFideId "-1"]
[PlyCount "104"]
[GameId "2228161185822704"]
[EventDate "2024.??.??"]

1. Nf3 d5 2. c4 c6 3. g3 Bg4 4. Bg2 e6 5. O-O Nf6 6. b3 Nbd7 7. Bb2 Bd6 8. d3 O-O 9. Nbd2 Qe7 10. Qc2 e5 11. e4 dxe4 12. Nxe4 Nxe4 13. dxe4 a5 14. a4 Rfe8 15. Rfd1 Qf6 16. Qc3 Bb4 17. Qe3 Bc5 18. Qc3 Bd4 19. Rxd4 exd4 20. Nxd4 Nc5 21. f3 Bh5 22. Qc2 Qd8 23. Rd1 Qb6 24. Kf1 Rad8 25. Rd2 Bg6 26. Qc3 Qb4 27. Qc2 Ne6 28. Bc3 Nxd4 29. Rxd4 Qc5 30. Rd2 b6 31. Qd1 Qe7 32. Ke2 Rxd2+ 33. Qxd2 Rd8 34. Qc2 Qd7 35. g4 f6 36. h3 Qd6 37. Qd2 Qc7 38. Qe3 Qg3 39. Bf1 Qh2+ 40. Ke1 Qa2 41. Bd2 c5 42. Qc3 Qb1+ 43. Ke2 h5 44. Qe3 hxg4 45. hxg4 Rd4 46. Qc3 Kf7 47. Kf2 Qd1 48. Be3 Rd8 49. g5 f5 50. Qe5 fxe4 51. Qf4+ Kg8 52. fxe4 Rf8 0-1

[Event "Welsh Seniors O50"]
[Site "?"]
[Date "2025.09.27"]
[Round "2.6"]
[White "Williams, John A"]
[Black "Turner, Joseph David"]
[Result "0-1"]
[WhiteElo "1675"]
[BlackElo "1814"]
[WhiteFideId "-1"]
[PlyCount "44"]
[GameId "2228161185822705"]
[EventDate "2024.??.??"]

1. d4 Nf6 2. c4 a6 3. Nc3 c5 4. d5 b5 5. cxb5 axb5 6. Nxb5 e6 7. dxe6 fxe6 8. Bf4 Qa5+ 9. Nc3 Ne4 10. Bd2 Nxd2 11. Qxd2 d5 12. e3 Ba6 13. Bxa6 Nxa6 14. Nge2 Be7 15. O-O O-O 16. Rfd1 Nc7 17. Nf4 c4 18. a3 Bf6 19. Na2 Qxd2 20. Rxd2 Rxa3 21. Nh5 Ra7 22. Nxf6+ gxf6 0-1

[Event "Welsh Seniors O50"]
[Site "?"]
[Date "2025.09.27"]
[Round "3.2"]
[White "Van Noorden, Nicolas"]
[Black "Tuson, Jon"]
[Result "1-0"]
[WhiteElo "1931"]
[BlackElo "1826"]
[WhiteFideId "-1"]
[WhiteFideId "-1"]
[PlyCount "67"]
[GameId "2228161185826802"]
[EventDate "2024.??.??"]

1. Nf3 Nf6 2. d3 d5 3. c3 c5 4. Nbd2 g6 5. e4 Bg7 6. e5 Ng4 7. Qe2 O-O 8. h3 Nh6 9. g4 Nc6 10. Bg2 Qc7 11. Nf1 b5 12. Bf4 Kh8 13. Qe3 d4 14. cxd4 cxd4 15. Nxd4 Nxd4 16. Qxd4 Bb7 17. Rc1 Qxc1+ 18. Bxc1 Bxg2 19. Rg1 Rfd8 20. Qe3 Bb7 21. Ng3 Rac8 22. Bd2 Ng8 23. f4 e6 24. Ne4 Bxe4 25. Qxe4 Bf8 26. Ke2 Ne7 27. Rc1 Rxc1 28. Bxc1 Nd5 29. f5 Nb4 30. Bg5 Rc8 31. Qb7 Rc2+ 32. Kd1 Kg8 33. fxe6 fxe6 34. a3 1-0

[Event "Welsh Seniors O50"]
[Site "?"]
[Date "2025.09.27"]
[Round "3.3"]
[White "Hatchett, Paul"]
[Black "Adams, Mark"]
[Result "1/2-1/2"]
[WhiteElo "1933"]
[BlackElo "1851"]
[PlyCount "30"]
[GameId "2228161185826803"]
[EventDate "2024.??.??"]

1. d4 Nf6 2. Bg5 g6 3. Nd2 d5 4. Bxf6 exf6 5. e3 Bg7 6. Bd3 Nc6 7. c3 Ne7 8. Ne2 Bf5 9. Nb3 Bxd3 10. Qxd3 c6 11. O-O f5 12. c4 O-O 13. Nf4 Bh6 14. Ne2 Qd6 15. c5 Qc7 1/2-1/2

[Event "Welsh Seniors O50"]
[Site "?"]
[Date "2025.09.27"]
[Round "2.2"]
[White "Adams, Mark"]
[Black "Kett, Tim"]
[Result "0-1"]
[WhiteElo "1851"]
[BlackElo "2089"]
[PlyCount "58"]
[GameId "2228161185830900"]
[EventDate "2024.??.??"]

1. e4 c5 2. Nf3 Nc6 3. d4 cxd4 4. Nxd4 Nf6 5. Nc3 d6 6. Bc4 e6 7. Be3 a6 8. Bb3 Bd7 9. O-O Be7 10. f4 O-O 11. Qf3 Qc7 12. h3 b5 13. g4 Nxd4 14. Bxd4 Bc6 15. g5 Nd7 16. Rae1 Nc5 17. a3 Nxb3 18. cxb3 Rad8 19. h4 d5 20. e5 b4 21. Na4 Bxa4 22. bxa4 bxa3 23. bxa3 Bc5 24. Qe3 Rc8 25. Rb1 h5 26. Rfd1 Bxd4 27. Qxd4 Qc2 28. Rb2 Qf5 29. Qf2 Qg4+ 0-1

[Event "Welsh Seniors O50"]
[Site "?"]
[Date "2025.09.27"]
[Round "3.1"]
[White "Kett, Tim"]
[Black "Toczek, Grzegorz"]
[Result "1/2-1/2"]
[WhiteElo "2089"]
[BlackElo "2231"]
[PlyCount "59"]
[GameId "2228161185830901"]
[EventDate "2024.??.??"]

1. e4 e5 2. Nf3 Nc6 3. Bc4 Bc5 4. c3 Bb6 5. d4 Qe7 6. O-O Nf6 7. Re1 d6 8. b4 Bg4 9. b5 Na5 10. Bf1 O-O-O 11. Nbd2 exd4 12. Bb2 dxc3 13. Bxc3 c5 14. Qa4 Qc7 15. e5 Bxf3 16. Nxf3 Nd5 17. exd6 Nxc3 18. dxc7 Nxa4 19. cxd8=Q+ Bxd8 20. Ne5 Rf8 21. Rac1 b6 22. Nc4 Nb7 23. g3 Bf6 24. Bh3+ Kc7 25. Rcd1 Rd8 26. Rxd8 Nxd8 27. Rd1 Bd4 28. Re1 Bf6 29. Rd1 Bd4 30. Re1 1/2-1/2

[Event "Welsh Seniors O50"]
[Site "?"]
[Date "2025.09.27"]
[Round "3.4"]
[White "May, Adam J"]
[Black "Slegg, Gary"]
[Result "1-0"]
[WhiteElo "1858"]
[BlackElo "1619"]
[WhiteFideId "-1"]
[PlyCount "81"]
[GameId "2228161185834998"]
[EventDate "2024.??.??"]

1. d4 c5 2. d5 g6 3. Nc3 d6 4. Nf3 Bg7 5. e4 e5 6. Bc4 Bh6 7. O-O Bg4 8. h3 Bxc1 9. Rxc1 Bxf3 10. Qxf3 Qf6 11. Bb5+ Ke7 12. Qd1 a6 13. Be2 h5 14. a4 Nd7 15. b3 Nh6 16. Bd3 Qh4 17. Qe1 g5 18. f3 Qxe1 19. Rcxe1 h4 20. Nd1 f6 21. a5 Rhc8 22. Ne3 b5 23. axb6 Nxb6 24. Ra1 a5 25. Bb5 Ra7 26. Ra2 Rcc7 27. Nc4 Nxc4 28. Bxc4 Nf7 29. Rfa1 Nd8 30. Rxa5 Rxa5 31. Rxa5 Nf7 32. Kf2 Kd8 33. Bb5 Ke7 34. Ke3 Nd8 35. Kd3 Rb7 36. Kc4 Rc7 37. Ra6 Rb7 38. c3 Rc7 39. Ra8 Nb7 40. Ra7 Kd8 41. Bc6 1-0

[Event "Welsh Seniors O50"]
[Site "?"]
[Date "2025.09.27"]
[Round "3.5"]
[White "Turner, Joseph David"]
[Black "Cooke, Mark"]
[Result "1/2-1/2"]
[WhiteElo "1814"]
[BlackElo "1644"]
[WhiteFideId "-1"]
[PlyCount "59"]
[GameId "2228161185834999"]
[EventDate "2024.??.??"]

1. e4 e5 2. f4 d5 3. exd5 e4 4. Bc4 Nf6 5. Nc3 Bc5 6. Nge2 Qe7 7. d4 exd3 8. cxd3 c6 9. d4 Bd6 10. dxc6 Nxc6 11. d5 Nd8 12. a3 O-O 13. b4 a6 14. O-O Bf5 15. Nd4 Bg4 16. Be2 Bxe2 17. Qxe2 Qc7 18. Bd2 b5 19. Rac1 Qb6 20. Qd3 Rc8 21. Kh1 Rc4 22. Nf5 Re8 23. Be3 Qb8 24. Bd4 Nh5 25. Bxg7 Bxf4 26. Bd4 Bxc1 27. Rxc1 Qf4 28. Be3 Rxe3 29. Nxe3 Rd4 30. Qe2 1/2-1/2

[Event "Welsh Seniors O50"]
[Site "?"]
[Date "2025.09.27"]
[Round "3.6"]
[White "Stannard, Mike"]
[Black "Williams, John A"]
[Result "0-1"]
[WhiteElo "1517"]
[BlackElo "1675"]
[WhiteFideId "-1"]
[WhiteFideId "-1"]
[PlyCount "56"]
[GameId "2228161185839096"]
[EventDate "2024.??.??"]

1. d4 Nf6 2. Nc3 d6 3. e4 g6 4. Nf3 Bg7 5. Be2 O-O 6. O-O Nbd7 7. Bf4 c6 8. e5 Nh5 9. Qd2 Nxf4 10. Qxf4 dxe5 11. Qe3 exd4 12. Nxd4 Nb6 13. Nf3 Nd5 14. Nxd5 cxd5 15. c3 Qd6 16. Rad1 e6 17. Rd2 Bd7 18. c4 Bc6 19. b3 Rfe8 20. Rd3 Qf8 21. cxd5 exd5 22. Qd2 Bh6 23. Qc2 Bb5 24. Nd4 Bxd3 25. Qxd3 Bg7 26. Nb5 Qc5 27. Rd1 a6 28. b4 Qxb5 0-1

[Event "Welsh Seniors O50"]
[Site "?"]
[Date "2025.09.28"]
[Round "4.1"]
[White "Van Noorden, Nicolas"]
[Black "Kett, Tim"]
[Result "1/2-1/2"]
[WhiteElo "1931"]
[BlackElo "2089"]
[WhiteFideId "-1"]
[PlyCount "44"]
[GameId "2228161185839097"]
[EventDate "2024.??.??"]

1. e4 c5 2. Nf3 Nc6 3. b4 Nxb4 4. c3 Nc6 5. d4 cxd4 6. cxd4 d5 7. exd5 Qxd5 8. Nc3 Qa5 9. Rb1 e5 10. Bd2 Bb4 11. Rxb4 Qxb4 12. Nb5 Qe7 13. d5 Nf6 14. dxc6 bxc6 15. Nc3 O-O 16. Qc2 Nd5 17. Bc4 Nxc3 18. Qxc3 Be6 19. O-O f6 20. Be3 Qf7 21. Nd2 Rfd8 22. Bxe6 Qxe6 1/2-1/2

[Event "Welsh Seniors O50"]
[Site "?"]
[Date "2025.09.28"]
[Round "4.2"]
[White "Hatchett, Paul"]
[Black "May, Adam J"]
[Result "1/2-1/2"]
[WhiteElo "1933"]
[BlackElo "1858"]
[PlyCount "54"]
[GameId "2228161185843194"]
[EventDate "2024.??.??"]

1. e4 c5 2. Nf3 Nf6 3. e5 Nd5 4. c4 Nc7 5. b3 Nc6 6. Bb2 g6 7. Nc3 Bg7 8. Nd5 O-O 9. Be2 Ne6 10. Qc2 b6 11. O-O Bb7 12. Rfe1 d6 13. exd6 Qxd6 14. Bxg7 Kxg7 15. Qc3+ Kg8 16. Bd3 Rad8 17. a3 Rfe8 18. Re3 Ncd4 19. Be4 Ba8 20. Rae1 Nxf3+ 21. Bxf3 Bxd5 22. Bxd5 Nd4 23. h4 h5 24. Re5 Qf6 25. Qg3 Nf5 26. Qf4 Kg7 27. g3 e6 1/2-1/2

[Event "Welsh Seniors O50"]
[Site "?"]
[Date "2025.09.28"]
[Round "4.3"]
[White "Toczek, Grzegorz"]
[Black "Cooke, Mark"]
[Result "1-0"]
[Annotator "rhyfe"]
[WhiteElo "2231"]
[BlackElo "1644"]
[WhiteFideId "-1"]
[PlyCount "28"]
[GameId "2228161185843195"]
[EventDate "2024.??.??"]

1. d4 e5 2. dxe5 Nc6 3. Nf3 d6 4. Bf4 d5 5. e3 Bg4 6. c3 a6 7. Qb3 b5 8. a4 Na5 9. Qc2 Nc4 10. b3 Nb6 11. axb5 axb5 12. Nd4 Bc5 13. Nc6 Qd7 14. Rxa8+ Nxa8 {Rest of moves cannot be understood. Either 31 or 33 moves depending on whose scoresheet you believe.} 1-0

[Event "Welsh Seniors O50"]
[Site "?"]
[Date "2025.09.28"]
[Round "4.6"]
[White "Slegg, Gary"]
[Black "Howells, S Wyn"]
[Result "1/2-1/2"]
[WhiteElo "1619"]
[BlackElo "1747"]
[WhiteFideId "-1"]
[WhiteFideId "-1"]
[PlyCount "61"]
[GameId "2228161185847293"]
[EventDate "2024.??.??"]

1. e4 c5 2. d4 cxd4 3. c3 g6 4. Nf3 Bg7 5. Nxd4 Nc6 6. Be3 d6 7. Be2 Nf6 8. Nd2 O-O 9. O-O a6 10. Bf3 Qc7 11. N4b3 Ne5 12. Qc2 Nxf3+ 13. Nxf3 Bg4 14. Nfd2 Be6 15. Nd4 Ng4 16. Nxe6 fxe6 17. Bg5 Rf7 18. Qb3 d5 19. g3 Raf8 20. f3 Qc5+ 21. Kg2 Ne3+ 22. Bxe3 Qxe3 23. Qd1 Rd8 24. Qe1 Qd3 25. Qf2 d4 26. Nb3 e5 27. Rad1 Qc4 28. cxd4 exd4 29. Rc1 Qb4 30. Qd2 Qd6 31. Qd3 1/2-1/2

[Event "Welsh Seniors O50"]
[Site "?"]
[Date "2025.09.28"]
[Round "5.1"]
[White "Toczek, Grzegorz"]
[Black "Van Noorden, Nicolas"]
[Result "1-0"]
[WhiteElo "2231"]
[BlackElo "1931"]
[WhiteFideId "-1"]
[PlyCount "75"]
[GameId "2228161185847294"]
[EventDate "2024.??.??"]

1. e4 e6 2. Qe2 c5 3. Nf3 Be7 4. g3 d5 5. d3 dxe4 6. dxe4 b6 7. Bg2 Ba6 8. c4 Nc6 9. e5 Qc7 10. Nc3 Rd8 11. Nb5 Bxb5 12. cxb5 Nb4 13. O-O h5 14. h4 Nd5 15. Nd2 Nh6 16. Qxh5 g6 17. Qe2 Nf5 18. Nf3 c4 19. Bh3 Qc5 20. Bxf5 gxf5 21. a4 Rg8 22. Bg5 Nb4 23. Rfd1 Bxg5 24. hxg5 Rd3 25. Rxd3 cxd3 26. Qd2 Kf8 27. Rc1 Qe7 28. Rc4 Nd5 29. Qxd3 Kg7 30. Qd2 Qb7 31. Nh4 Rd8 32. Rd4 f4 33. gxf4 Rh8 34. f5 exf5 35. Nxf5+ Kg6 36. Nd6 Qd7 37. Qd3+ Kg7 38. Nf5+ 1-0

[Event "Welsh Seniors O50"]
[Site "?"]
[Date "2025.09.28"]
[Round "5.5"]
[White "Cooke, Mark"]
[Black "Stannard, Mike"]
[Result "0-1"]
[WhiteElo "1644"]
[BlackElo "1517"]
[WhiteFideId "-1"]
[WhiteFideId "-1"]
[PlyCount "56"]
[GameId "2228161185851391"]
[EventDate "2024.??.??"]

1. e4 c6 2. d4 d5 3. e5 c5 4. c3 Nc6 5. f4 cxd4 6. cxd4 Nh6 7. Bb5 Bd7 8. Bxc6 Bxc6 9. Ne2 e6 10. Ng3 Be7 11. O-O Nf5 12. Nxf5 exf5 13. Nd2 O-O 14. Qh5 Bd7 15. Rf3 Qb6 16. Nb3 Rac8 17. Rh3 Qg6 18. Qe2 Rc6 19. Be3 f6 20. Rf1 Rfc8 21. Rff3 Rc2 22. Nd2 Rxb2 23. Rfg3 Qf7 24. Rh5 g6 25. Rh6 Bf8 26. Rh4 fxe5 27. fxe5 Bb5 28. Qh5 Rc1+ 0-1

[Event "Welsh Seniors O50"]
[Site "?"]
[Date "2025.09.28"]
[Round "2.3"]
[White "May, Adam J"]
[Black "Williams, John A"]
[Result "1-0"]
[WhiteElo "1858"]
[BlackElo "1675"]
[WhiteFideId "-1"]
[PlyCount "57"]
[GameId "2228161185851392"]
[EventDate "2024.??.??"]

1. d4 d6 2. e4 Nf6 3. Nc3 Nbd7 4. Nge2 e5 5. h3 Be7 6. Be3 c6 7. g4 b5 8. a3 a5 9. Bg2 Bb7 10. Ng3 g6 11. O-O O-O 12. Bh6 Re8 13. g5 Nh5 14. Nxh5 gxh5 15. Qxh5 Bf8 16. Bxf8 Nxf8 17. d5 Ng6 18. Ne2 cxd5 19. exd5 e4 20. f4 exf3 21. Bxf3 Rc8 22. Ng3 Re5 23. Ne4 Bxd5 24. Nf6+ Kf8 25. Qh6+ Ke7 26. Nxd5+ Rxd5 27. Bxd5 Kd7 28. Rxf7+ Ne7 29. Qe6+ 1-0

[Event "Welsh Seniors O50"]
[Site "?"]
[Date "2025.09.28"]
[Round "5.2"]
[White "Kett, Tim"]
[Black "Hatchett, Paul"]
[Result "1-0"]
[WhiteElo "2089"]
[BlackElo "1933"]
[PlyCount "73"]
[GameId "2228161185855489"]
[EventDate "2025.??.??"]

1. d4 Nf6 2. Nc3 d5 3. Bg5 Nbd7 4. e3 c5 5. Nf3 e6 6. Bxf6 gxf6 7. Bd3 f5 8. O-O a6 9. a4 Bd6 10. b3 Qc7 11. Nb1 c4 12. bxc4 dxc4 13. Be2 Rb8 14. a5 b5 15. axb6 Nxb6 16. c3 Bb7 17. Nbd2 Rg8 18. h3 Ke7 19. Kh1 Rg6 20. Rg1 Rbg8 21. Rb1 Rh6 22. Qc2 Qc6 23. Qb2 Bc7 24. Qb4+ Kd7 25. Qc5 Na4 26. Qxc6+ Bxc6 27. Nxc4 Nxc3 28. Nfe5+ Bxe5 29. Nxe5+ Kc7 30. Nxc6 Nxb1 31. Ne5 Nd2 32. Rc1+ Kb8 33. f3 f6 34. Nd7+ Ka8 35. Rc7 Nb3 36. Bc4 Rhg6 37. Bxe6 1-0

[Event "Welsh Seniors O50"]
[Site "?"]
[Date "2025.09.28"]
[Round "5.4"]
[White "Turner, Joseph David"]
[Black "Slegg, Gary"]
[Result "1/2-1/2"]
[WhiteElo "1814"]
[BlackElo "1619"]
[WhiteFideId "-1"]
[PlyCount "54"]
[GameId "2228161185855490"]
[EventDate "2024.??.??"]

1. e4 c5 2. a3 Nc6 3. b4 cxb4 4. axb4 Nxb4 5. c3 Nc6 6. d4 Nf6 7. Bd3 d5 8. e5 Nd7 9. e6 Nf6 10. exf7+ Kxf7 11. Nf3 Kg8 12. Qe2 Bg4 13. h3 Bh5 14. g4 Bf7 15. Ne5 Qc7 16. Nxf7 Kxf7 17. Be3 e6 18. Nd2 Bd6 19. g5 Ne4 20. Nxe4 dxe4 21. Bxe4 Ne5 22. Rc1 Nc4 23. Qf3+ Ke7 24. Bxb7 Rab8 25. Be4 Nxe3 26. fxe3 Bg3+ 27. Kd2 Rhf8 1/2-1/2

[Event "Welsh Under 50 2025"]
[Site "?"]
[Date "2025.09.26"]
[Round "1.1"]
[White "Walker, Elmira"]
[Black "Duke, Dillan"]
[Result "0-1"]
[WhiteElo "1794"]
[BlackElo "2026"]
[WhiteFideId "-1"]
[PlyCount "108"]
[GameId "2228528040575232"]
[EventDate "2025.??.??"]

1. e4 c5 2. Nf3 Nc6 3. d4 cxd4 4. Nxd4 Nf6 5. Nc3 e5 6. Ndb5 d6 7. Bg5 a6 8. Na3 b5 9. Nd5 Be7 10. Bxf6 Bxf6 11. c4 b4 12. Nc2 a5 13. Be2 O-O 14. O-O Bg5 15. Bd3 Rb8 16. b3 Be6 17. Nce3 Qd7 18. f4 exf4 19. Nxf4 Bf6 20. Rb1 Bd4 21. Qd2 Qa7 22. Rf3 Ne5 23. Rg3 Ng4 24. Re1 Nxe3 25. Rexe3 Bxe3+ 26. Qxe3 Qxe3+ 27. Rxe3 Rfe8 28. Rg3 Rec8 29. Nh5 g6 30. Nf6+ Kg7 31. Nh5+ Kf8 32. Nf6 h6 33. Rf3 Ke7 34. Kf2 Ra8 35. Bc2 Rc5 36. Nd5+ Bxd5 37. exd5 h5 38. Re3+ Kf8 39. Rf3 Kg7 40. Re3 Rc7 41. h3 Kf8 42. Rf3 Ke8 43. Re3+ Re7 44. Rxe7+ Kxe7 45. Kf3 Kf6 46. h4 Ke5 47. Ke3 Rg8 48. Be4 f5 49. Bf3 Rg7 50. Kd3 Rc7 51. Bd1 Kf4 52. Bf3 Kg3 53. Kd4 Kxh4 54. c5 Rxc5 0-1

[Event "Welsh Under 50 2025"]
[Site "?"]
[Date "2025.09.26"]
[Round "1.2"]
[White "Tapp, James"]
[Black "Tye, Jack"]
[Result "1-0"]
[WhiteElo "1992"]
[BlackElo "1682"]
[WhiteFideId "-1"]
[WhiteFideId "-1"]
[PlyCount "67"]
[GameId "2228528040579329"]
[EventDate "2025.??.??"]

1. d4 d5 2. Nf3 Nf6 3. g3 Bf5 4. Bg2 e6 5. c4 c6 6. Nc3 h6 7. Qb3 Qb6 8. c5 Qc7 9. Bf4 Qc8 10. Nd2 Nbd7 11. e4 Bg6 12. O-O Be7 13. Rfe1 b6 14. exd5 cxd5 15. Nb5 O-O 16. Nc7 bxc5 17. Nxa8 Qxa8 18. Be5 Qd8 19. Nf3 Nxe5 20. Nxe5 Be4 21. Nc6 Qc7 22. Nxe7+ Qxe7 23. Qa3 Rc8 24. Rac1 Bxg2 25. Kxg2 Ne4 26. dxc5 Rb8 27. b4 Nd2 28. Qd3 Ne4 29. Qd4 h5 30. h4 g5 31. f3 e5 32. Qxd5 Rxb4 33. Rxe4 Rb2+ 34. Kg1 1-0

[Event "Welsh Under 50 2025"]
[Site "?"]
[Date "2025.09.26"]
[Round "1.3"]
[White "James, Lucas"]
[Black "Fathallah, Joe"]
[Result "0-1"]
[WhiteElo "1659"]
[BlackElo "1987"]
[WhiteFideId "-1"]
[PlyCount "90"]
[GameId "2228528040583426"]
[EventDate "2025.??.??"]

1. e4 e6 2. d4 d5 3. exd5 exd5 4. Nf3 Nf6 5. c4 Bb4+ 6. Nc3 O-O 7. Bd3 Re8+ 8. Be3 Bg4 9. O-O Bxc3 10. bxc3 Ne4 11. cxd5 Qxd5 12. Qc2 Bxf3 13. gxf3 Ng5 14. Bxg5 Qxg5+ 15. Kh1 Qh5 16. Be4 Re6 17. Rg1 Nc6 18. Rg2 Rf6 19. Rag1 g6 20. Rg5 Qh6 21. Qb3 Rb8 22. f4 Re8 23. Bd3 b6 24. R1g3 Kh8 25. f5 Qf8 26. Kg2 Qd6 27. fxg6 fxg6 28. Qd1 Ref8 29. f3 Nd8 30. Be4 Ne6 31. R5g4 c5 32. d5 Nf4+ 33. Kf2 Re8 34. Kg1 Qe5 35. c4 h5 36. Bxg6 hxg4 37. Bxe8 Ne2+ 38. Kf2 Nxg3 39. hxg3 Qxe8 40. f4 Qg6 41. Qa4 Qe4 42. Qb3 Rh6 43. Qc3+ Kg8 44. Qc1 Rh2+ 45. Kg1 Qh1# 0-1

[Event "Welsh Under 50 2025"]
[Site "?"]
[Date "2025.09.26"]
[Round "1.4"]
[White "Jukes, Sam"]
[Black "Wilkins, Zack"]
[Result "1-0"]
[WhiteElo "1930"]
[BlackElo "1644"]
[WhiteFideId "-1"]
[PlyCount "71"]
[GameId "2228528040583427"]
[EventDate "2025.??.??"]

1. e4 e5 2. Nf3 Nc6 3. Bc4 Nf6 4. d3 h6 5. c3 d6 6. a4 g5 7. O-O Bg7 8. Qc2 O-O 9. b4 Nh5 10. Be3 a5 11. b5 Ne7 12. d4 Ng6 13. dxe5 g4 14. Nd4 Nxe5 15. Be2 Nf6 16. Nd2 Nh7 17. f4 gxf3 18. N2xf3 Ng4 19. Bd2 Qe7 20. Rae1 Kh8 21. Bd3 Ne5 22. Nxe5 Qxe5 23. Nf5 Qc5+ 24. Be3 Qxc3 25. Qxc3 Bxc3 26. Rc1 Bxf5 27. Rxf5 Be5 28. Bxh6 Bg7 29. Bxg7+ Kxg7 30. Rxc7 b6 31. Rc6 Rab8 32. Rxd6 Rfd8 33. Rfd5 Rdc8 34. h4 Nf8 35. Rg5+ Kh7 36. e5+ 1-0

[Event "Welsh Under 50 2025"]
[Site "?"]
[Date "2025.09.26"]
[Round "1.5"]
[White "Zheng, Lucas"]
[Black "Turner, George"]
[Result "1/2-1/2"]
[WhiteElo "1659"]
[BlackElo "1919"]
[WhiteFideId "-1"]
[WhiteFideId "-1"]
[PlyCount "95"]
[GameId "2228528040583428"]
[EventDate "2025.??.??"]

1. e4 c5 2. Nf3 d6 3. d4 cxd4 4. Nxd4 Nf6 5. Nc3 g6 6. f3 Bg7 7. Be3 O-O 8. Qd2 Nc6 9. Bc4 Bd7 10. O-O-O Ne5 11. Bb3 Qa5 12. g4 Rfc8 13. h4 h5 14. gxh5 Nxh5 15. Bh6 Nc4 16. Bxc4 Rxc4 17. Bxg7 Kxg7 18. Nb3 Qe5 19. Rdg1 Rac8 20. Rg5 Qf4 21. Qxf4 Nxf4 22. Kb1 b5 23. a3 b4 24. axb4 Rxb4 25. Ra5 Be6 26. Ka2 Bxb3+ 27. cxb3 Rcb8 28. Rxa7 Rxb3 29. Rh2 Nd3 30. Na4 Kf6 31. Rd2 Ne5 32. f4 Nf3 33. Re2 Nxh4 34. e5+ dxe5 35. fxe5+ Kf5 36. Rxe7 g5 37. Rxf7+ Kg4 38. e6 Rf3 39. Rd7 Rff8 40. e7 Rfe8 41. Nc5 Kf3 42. Red2 Rb5 43. Ne6 Re5 44. R2d3+ Kg4 45. R3d4+ Kg3 46. Rd3+ Kg4 47. R3d4+ Kg3 48. Rd3+ 1/2-1/2

[Event "Welsh Under 50 2025"]
[Site "?"]
[Date "2025.09.26"]
[Round "1.6"]
[White "Kong, Emma Zihan"]
[Black "Murthy, Arush"]
[Result "1-0"]
[WhiteElo "1833"]
[BlackElo "1594"]
[WhiteFideId "-1"]
[PlyCount "61"]
[GameId "2228528040587525"]
[EventDate "2025.??.??"]

1. d4 Nf6 2. c4 g6 3. g3 Bg7 4. Bg2 c6 5. e4 O-O 6. Nc3 d6 7. Nge2 Nbd7 8. O-O e5 9. d5 Nc5 10. b4 Na6 11. dxc6 bxc6 12. b5 Nc5 13. bxc6 Qc7 14. Nd5 Nxd5 15. cxd5 f5 16. Be3 Nxe4 17. Bxe4 fxe4 18. Nc3 Ba6 19. Re1 Bd3 20. Qa4 Qc8 21. Nxe4 Qf5 22. Nxd6 Qf3 23. Qd1 Qxd5 24. Qb3 Qxb3 25. axb3 e4 26. Rxa7 Rxa7 27. Bxa7 Ra8 28. c7 Ba6 29. Bc5 Be5 30. Rxe4 Bc3 31. Ra4 1-0

[Event "Welsh Under 50 2025"]
[Site "?"]
[Date "2025.09.26"]
[Round "1.7"]
[White "Richards, Gareth"]
[Black "Browse, Joseph"]
[Result "1-0"]
[WhiteElo "1560"]
[BlackElo "1815"]
[WhiteFideId "-1"]
[PlyCount "77"]
[GameId "2228528040587526"]
[EventDate "2025.??.??"]

1. e4 c5 2. Nf3 Nc6 3. d4 cxd4 4. Nxd4 e5 5. Nb3 Nf6 6. f3 d5 7. Bg5 dxe4 8. Qxd8+ Nxd8 9. Bxf6 gxf6 10. Bb5+ Nc6 11. fxe4 Rg8 12. O-O Bh3 13. Rf2 Bh6 14. Kh1 Be6 15. Rxf6 O-O-O 16. Nc3 Be3 17. Re1 Bb6 18. Rh6 Nd4 19. Nxd4 Bxd4 20. Rxh7 Bxc3 21. bxc3 Rd2 22. Rg1 Rxc2 23. Rh5 Rxa2 24. Rxe5 Ra5 25. Bd7+ Kxd7 26. Rxa5 a6 27. h4 Rg4 28. g3 Rxe4 29. h5 Re2 30. Rg2 Re3 31. h6 Rxc3 32. h7 Rc1+ 33. Kh2 Rc8 34. Rd2+ Ke7 35. Rb2 Rh8 36. Rxb7+ Kf6 37. Rxa6 Rxh7+ 38. Kg1 Kg6 39. Rxe6+ 1-0

[Event "Welsh Under 50 2025"]
[Site "?"]
[Date "2025.09.26"]
[Round "1.8"]
[White "Zhuravlev, Andrei"]
[Black "Jones, Archie"]
[Result "0-1"]
[WhiteElo "1430"]
[BlackElo "1450"]
[WhiteFideId "-1"]
[WhiteFideId "-1"]
[PlyCount "110"]
[GameId "2228528040587527"]
[EventDate "2025.??.??"]

1. e4 c6 2. d4 d5 3. e5 Bf5 4. Bd3 Bxd3 5. Qxd3 e6 6. Nf3 c5 7. dxc5 Bxc5 8. Qb5+ Nd7 9. Qxb7 Rb8 10. Qa6 Qb6 11. Qxb6 Rxb6 12. Nc3 Bb4 13. Bd2 Bxc3 14. Bxc3 Ne7 15. O-O O-O 16. a3 Rc8 17. Rfc1 Nc5 18. Bd4 Nf5 19. Bxc5 Rxc5 20. b3 Rc3 21. a4 Rbc6 22. Ra2 Rxb3 23. Raa1 Rb2 24. Rab1 Rcxc2 25. g4 Nh6 26. h3 Rxc1+ 27. Rxc1 g6 28. Rc7 Rb3 29. Kg2 a5 30. Ra7 Rb4 31. Rxa5 d4 32. Ra8+ Kg7 33. a5 d3 34. a6 Ng8 35. a7 Ra4 36. Nd2 Ne7 37. Kf3 Nc6 38. Nc4 Rxc4 39. Rg8+ Kxg8 40. a8=Q+ Kg7 41. Ke3 Nxe5 42. Qa1 f6 43. f4 Nc6 44. Qa6 Rc3 45. Qb7+ Kh6 46. Kd2 Rc4 47. Kxd3 Rc5 48. Qa8 Rd5+ 49. Kc4 Na5+ 50. Kb4 Kg7 51. Qa7+ Kh6 52. Qa8 Kg7 53. Qa7+ Kh6 54. Qe7 Nc6+ 55. Kc4 Nxe7 0-1

[Event "Welsh Under 50 2025"]
[Site "?"]
[Date "2025.09.27"]
[Round "2.1"]
[White "Duke, Dillan"]
[Black "Jukes, Sam"]
[Result "1/2-1/2"]
[WhiteElo "2026"]
[BlackElo "1930"]
[PlyCount "35"]
[GameId "2228528040587528"]
[EventDate "2025.??.??"]

1. e4 e5 2. Nf3 Nc6 3. Bb5 Nf6 4. O-O Nxe4 5. d4 Nd6 6. Bxc6 dxc6 7. dxe5 Nf5 8. Qxd8+ Kxd8 9. Nc3 Be7 10. Bg5 Bxg5 11. Nxg5 Ke7 12. Rad1 h6 13. Nf3 g5 14. h3 Be6 15. b3 Rad8 16. Ne4 Bd5 17. Nfd2 c5 18. c3 1/2-1/2

[Event "Welsh Under 50 2025"]
[Site "?"]
[Date "2025.09.27"]
[Round "2.2"]
[White "Jones, Archie"]
[Black "Tapp, James"]
[Result "0-1"]
[WhiteElo "1450"]
[BlackElo "1992"]
[WhiteFideId "-1"]
[WhiteFideId "-1"]
[PlyCount "60"]
[GameId "2228528040591625"]
[EventDate "2025.??.??"]

1. d4 d5 2. c4 e6 3. Nc3 Bb4 4. Bd2 Nf6 5. a3 Be7 6. Nf3 O-O 7. Qc2 b6 8. e3 Bb7 9. cxd5 exd5 10. Bd3 Nbd7 11. O-O a6 12. Rac1 Bd6 13. Rfe1 Re8 14. Bf5 g6 15. Bh3 h5 16. Ne2 a5 17. Ng3 Ne4 18. Bc3 Qe7 19. Nxe4 dxe4 20. Nd2 Bd5 21. a4 Nf6 22. b3 Nh7 23. g3 Ng5 24. Bg2 h4 25. g4 h3 26. Bh1 Qe6 27. Qd1 Nf3+ 28. Nxf3 Qxg4+ 29. Kf1 exf3 30. Qd3 Bxh2 0-1